Statistics for Footballers by Picture - Scotland

Click here to take the quiz!

General Stats

  • This quiz has been taken 54 times
  • The average score is 12 of 20

Answer Stats

Answer% Correct
Andrew Robertson
92%
Kenny Dalglish
88%
John McGinn
84%
Scott McTominay
71%
Billy Gilmour
69%
Kieran Tierney
67%
Darren Fletcher
65%
Allan McGregor
57%
Ally McCoist
57%
Denis Law
57%
Gordon Strachan
57%
Kenny Miller
57%
Scott Brown
57%
Ryan Fraser
49%
Callum McGregor
47%
Craig Gordon
45%
Grant Hanley
45%
Stuart Armstrong
39%
Alex McLeish
35%
Alex Ferguson
33%

Score Distribution

Percentile by Number Answered

Percent of People with Each Score

Your Score History

You have not taken this quiz